|
|
|
|
| LEADER |
01218nam a22003254a 4500 |
| 001 |
33366 |
| 003 |
BD-DhAAL |
| 005 |
20180714115903.0 |
| 008 |
180714t2003 nyua b 000 0 eng d |
| 999 |
|
|
|c 39729
|d 39729
|
| 010 |
|
|
|a 2003048888
|
| 020 |
|
|
|a 0385506600
|
| 040 |
|
|
|a DLC
|c DLC
|d DLC
|d BD-DhAAL
|
| 042 |
|
|
|a pcc
|
| 043 |
|
|
|a n-us-ny
|
| 050 |
0 |
0 |
|a NA6232
|b .B37 2003
|
| 082 |
0 |
0 |
|a 720.483097471
|2 21
|
| 100 |
1 |
|
|a Bascomb, Neal.
|9 27117
|
| 245 |
1 |
0 |
|a Higher :
|b a historic race to the sky and the making of a city /
|c Neal Bascomb.
|
| 250 |
|
|
|a First edition.
|
| 260 |
|
|
|a New York :
|b Doubleday,
|c c2003.
|
| 300 |
|
|
|a 340 pages :
|b illustrations ;
|c 25 cm.
|
| 504 |
|
|
|a Includes bibliographical references (pages [292]-340).
|
| 526 |
|
|
|a ARC
|
| 541 |
|
|
|e 33366
|
| 650 |
|
0 |
|a Skyscrapers
|z New York (State)
|z New York
|x History
|y 20th century.
|9 27118
|
| 651 |
|
0 |
|a Manhattan (New York, N.Y.)
|x Buildings, structures, etc.
|9 27119
|
| 852 |
|
|
|a Department of Architecture
|c General Stacks
|
| 942 |
|
|
|2 ddc
|c BK
|
| 952 |
|
|
|0 0
|1 0
|2 ddc
|4 0
|6 720_483097471000000_BAS
|7 0
|9 63757
|a BRACUL
|b BRACUL
|c GEN
|d 2018-07-14
|l 0
|o 720.483097471 BAS
|p 3010033366
|r 2018-07-14
|t 1
|w 2018-07-14
|y BK
|x Transferred from ARC to BRACUL on 28/12/2023
|